Animaux dans les fables de La Fontaine - Mort Subite #2 - Statistiques

Statistiques générales
  • Ce quiz a été pris 442 fois
  • Le résultat moyen est 6 sur 20
Answers on the Grid
Answers color-coded by a green-red scale on the quiz's grid according to % correct below.
Corbeau
Renard
Chien
Chat
Lapin
Éléphant
Frelon
Rat
Dauphin
Agneau
Belette
Dragon
Cigogne
Lion
Chauve-souris
Vautour
Canard
Mouton
Huître
Faucon
Perruche
Homard
Furet
Pinson
Sanglier
Koala
Biche
Papillon
Panthère
Scarabée
Ouistiti
Marmotte
Chevreuil
Blaireau
Pingouin
Sauterelle
Crabe
Phoque
Dinde
Castor
 
Statistiques - réponses
Réponse % Correct
Renard
75%
Corbeau
73%
Lion
68%
Rat
66%
Agneau
57%
Lapin
46%
Cigogne
45%
Chien
43%
Chat
38%
Mouton
33%
Éléphant
24%
Belette
18%
Canard
18%
Huître
13%
Dragon
6%
Faucon
4%
Dauphin
3%
Vautour
3%
Chauve-souris
2%
Frelon
2%
Aucun quiz correspondant
Distribution des résultats
% des personnes avec chaque résultat
Percentile par nombre de réponses
Votre historique - résultats
Vous n’avez pas pris ce quiz